书目信息 |
| 题名: |
集古名公画式
|
|
| 作者: | 草坪山人 辑 | |
| 分册: | ||
| 出版信息: | 北京 北京市中国书店 1985 |
|
| 页数: | 1册 | |
| 开本: | 20cm | |
| 丛书名: | ||
| 单 册: | ||
| 中图分类: | J221.9 | |
| 科图分类: | ||
| 主题词: | 中国画-技法(美术) , 技法(美术)-中国画 , 绘画--中国 | |
| 电子资源: | ||
| ISBN: | ||
| 000 | 00676nam0 2200253 45 | |
| 001 | 0185007864 | |
| 005 | 20061117082850.56 | |
| 010 | @dCNY1.85 | |
| 100 | @a19900918d1985 em y0chiy0121 ea | |
| 101 | 0 | @achi |
| 102 | @aCN@b110000 | |
| 105 | @aa z 000yy | |
| 106 | @ar | |
| 200 | 10 | @a集古名公画式@Aji gu ming gong hua shi@f( )草坪山人辑 |
| 210 | @a北京@c北京市中国书店@d1985 | |
| 215 | @a1册@c图@d20cm | |
| 606 | @a中国画-技法(美术) | |
| 606 | @a技法(美术)-中国画 | |
| 606 | 0 | @a绘画@x中国 |
| 690 | @aJ221.9@v3 | |
| 701 | 0 | @a草坪山人@Acao ping shan ren@4辑 |
| 801 | 0 | @aCN@b深圳图书馆@c20061117 |
| 801 | 2 | @aCN@bNLC@c20040518 |
| 905 | @f1@b210429@dJ221.9@e111 | |
| 集古名公画式/( )草坪山人辑.-北京:北京市中国书店,1985 |
| 1册:图;20cm |
| ISBN :CNY1.85 |
| ● |
| 相关链接 |
|
|
|
|
正题名:集古名公画式
索取号:J221.9/111
 
预约/预借
| 序号 | 登录号 | 条形码 | 馆藏地/架位号 | 状态 | 备注 |
| 1 | 0178372 | 000795759 | 第一样本阅览室/ [索取号:J221.9/111] | 在馆 | |
| 2 | 0210429 | 000795722 | 第一样本阅览室/ [索取号:J221.9/111] | 在馆 |